| 000 | 00754cab a2200241 4500 | ||
|---|---|---|---|
| 001 | ABS49161 | ||
| 008 | 090401t1993 xxu||||| |||| 00| 0 eng d | ||
| 035 | _a(Sirsi) u70221 | ||
| 041 | _aeng | ||
| 100 | _aBovis, C. | ||
| 245 | _aConstruction and planning projects under the framework of EC Public Procurement Directives | ||
| 260 | _c1993 | ||
| 350 | _a0 | ||
| 490 |
_aJournal of Planning and Environment Law _vSeptember 1993, 816-822(7) |
||
| 520 | _aDiscusses how the EC Directives on public procurement will operate in the UK. | ||
| 650 | _aEC DIRECTIVES | ||
| 650 | _aEC LEGISLATION | ||
| 650 | _aPUBLIC PROCUREMENT DIRECTIVES | ||
| 650 | _aPUBLIC PROCUREMENT | ||
| 690 | _aEUROPE-SINGLE MARKET | ||
| 942 | _n0 | ||
| 948 | _c04/03/1997 | ||
| 999 |
_c44170 _d44170 |
||